Financial statement analysis / (Record no. 208095)
[ view plain ]
| 000 -LEADER | |
|---|---|
| fixed length control field | 00669nam a2200217Ia 4500 |
| 005 - DATE AND TIME OF LATEST TRANSACTION | |
| control field | 20220323173059.0 |
| 008 - FIXED-LENGTH DATA ELEMENTS--GENERAL INFORMATION | |
| fixed length control field | 210716s2009 xx 000 0 und d |
| 020 ## - INTERNATIONAL STANDARD BOOK NUMBER | |
| International Standard Book Number | 9788120346604 |
| 040 ## - CATALOGING SOURCE | |
| Transcribing agency | AIMIT LIBRARY |
| 041 ## - LANGUAGE CODE | |
| Language code of text/sound track or separate title | eng |
| 082 ## - DEWEY DECIMAL CLASSIFICATION NUMBER | |
| Classification number | 657.3 |
| Edition number | 2 |
| Item number | SING |
| 100 ## - MAIN ENTRY--PERSONAL NAME | |
| Personal name | Sinha, Gokul. |
| 9 (RLIN) | 25523 |
| 245 ## - TITLE STATEMENT | |
| Title | Financial statement analysis / |
| Statement of responsibility, etc. | By Gokul Sinha |
| 250 ## - EDITION STATEMENT | |
| Edition statement | 2nd ed. |
| 260 ## - PUBLICATION, DISTRIBUTION, ETC. | |
| Place of publication, distribution, etc. | New Delhi : |
| Name of publisher, distributor, etc. | PHI Learning private limited , |
| Date of publication, distribution, etc. | 2009. |
| 300 ## - PHYSICAL DESCRIPTION | |
| Extent | xiv,621p. ; |
| Dimensions | 23.5 cm |
| 650 ## - SUBJECT ADDED ENTRY--TOPICAL TERM | |
| Topical term or geographic name entry element | Financial Reporting and Analyais. |
| 9 (RLIN) | 25524 |
| 650 ## - SUBJECT ADDED ENTRY--TOPICAL TERM | |
| Topical term or geographic name entry element | Ratio Analysis. |
| 9 (RLIN) | 25525 |
| 651 ## - SUBJECT ADDED ENTRY--GEOGRAPHIC NAME | |
| Geographic name | Cahs Flow Statement Analysis. |
| 9 (RLIN) | 25526 |
| 942 ## - ADDED ENTRY ELEMENTS (KOHA) | |
| Source of classification or shelving scheme | Dewey Decimal Classification |
| Koha item type | Book |
| Edition | 2nd |
| Call number prefix | 657.3 SING |
| Withdrawn status | Lost status | Damaged status | Not for loan | Collection code | Home library | Current library | Date acquired | Cost, normal purchase price | Total Checkouts | Full call number | Barcode | Date last seen | Date last checked out | Cost, replacement price | Price effective from | Koha item type | Date due |
|---|---|---|---|---|---|---|---|---|---|---|---|---|---|---|---|---|---|
| MBA | St Aloysius Institute of Management & Information Technology | St Aloysius Institute of Management & Information Technology | 09/21/2013 | 450.00 | 6 | 657.3 SING | MBA10661 | 05/23/2026 | 01/27/2026 | 337.50 | 07/16/2021 | Book | |||||
| MBA | St Aloysius Institute of Management & Information Technology | St Aloysius Institute of Management & Information Technology | 10/10/2013 | 450.00 | 2 | 657.3 SING | MBA10739 | 05/23/2026 | 06/23/2023 | 337.50 | 07/16/2021 | Book | |||||
| MBA | St Aloysius Institute of Management & Information Technology | St Aloysius Institute of Management & Information Technology | 12/19/2013 | 450.00 | 5 | 657.3 SING | MBA10820 | 05/23/2026 | 07/28/2023 | 337.50 | 07/16/2021 | Book | |||||
| MBA | St Aloysius Institute of Management & Information Technology | St Aloysius Institute of Management & Information Technology | 01/24/2014 | 395.00 | 657.3 SING | MBA10916 | 05/23/2026 | 296.25 | 07/16/2021 | Book | |||||||
| MBA | St Aloysius Institute of Management & Information Technology | St Aloysius Institute of Management & Information Technology | 01/24/2014 | 395.00 | 1 | 657.3 SING | MBA10917 | 05/23/2026 | 07/02/2022 | 296.25 | 07/16/2021 | Book | |||||
| MBA | St Aloysius Institute of Management & Information Technology | St Aloysius Institute of Management & Information Technology | 01/24/2014 | 395.00 | 9 | 657.3 SING | MBA10918 | 04/08/2024 | 04/08/2024 | 296.25 | 07/16/2021 | Book | 05/08/2024 | ||||
| MBA | St Aloysius Institute of Management & Information Technology | St Aloysius Institute of Management & Information Technology | 01/24/2014 | 395.00 | 1 | 657.3 SING | MBA10919 | 05/23/2026 | 07/13/2024 | 296.25 | 07/16/2021 | Book |